[Event "Chigorin Memorial-B 10th"]
[Site "St Petersburg"]
[Date "2002.10.31"]
[Round "6"]
[White "Sleptsov, P."]
[Black "Savchenko, Yuri"]
[Result "1-0"]
[WhiteElo "2128"]
[BlackElo "2139"]
[PlyCount "117"]
[EventDate "2002.10.25"]
[EventType "swiss"]
[EventRounds "9"]
[EventCountry "RUS"]
[SourceTitle "EXT 2003"]
[Source "ChessBase"]
[SourceDate "2002.11.25"]
[SourceVersion "1"]
[SourceVersionDate "2002.11.25"]
[SourceQuality "1"]

1. e4 e6 2. d4 d5 3. Nd2 Nf6 4. e5 Ne4 5. Bd3 Nxd2 6. Bxd2 c5 7. c3 Qb6 8. Qc2 Nc6 9. Nf3 Bd7 10. dxc5 Bxc5 11. 0-0 h6 12. Qb3 Rc8 13. Rac1 Na5 14. Qxb6 Bxb6 15. b3 Nc6 16. h3 0-0 17. Rfe1 f5 18. exf6 Rxf6 19. Be3 Bxe3 20. Rxe3 Rcf8 21. Rc2 g5 22. b4 a6 23. a4 Ne7 24. Ne5 Bxa4 25. Ra2 Bb5 26. Bxb5 axb5 27. Nd7 Nc6 28. Nxf8 Kxf8 29. Ra8+ Ke7 30. Rh8 Kd6 31. Rh7 e5 32. Rxb7 d4 33. cxd4 exd4 34. Rf3 Re6 35. Rxb5 Re1+ 36. Kh2 Ne5 37. Rf6+ Ke7 38. Rxh6 Nf7 39. Rh7 Kf6 40. Rb6+ Re6 41. Rxe6+ Kxe6 42. Rxf7 Kxf7 43. Kg3 Ke6 44. Kf3 Kd5 45. Ke2 Kc4 46. b5 Kxb5 47. Kd3 Kc5 48. g3 Kd5 49. f4 gxf4 50. gxf4 Kc5 51. h4 Kd5 52. h5 Ke6 53. Kxd4 Kf5 54. h6 Kg6 55. Ke5 Kxh6 56. f5 Kg7 57. Ke6 Kf8 58. Kf6 Kg8 59. Ke7 1-0

[Event "Chigorin Memorial-B 10th"]
[Site "St Petersburg"]
[Date "2002.10.26"]
[Round "2"]
[White "Sleptsov, P."]
[Black "Slizhevsky, Alexander"]
[Result "0-1"]
[WhiteElo "2128"]
[BlackElo "2323"]
[PlyCount "84"]
[EventDate "2002.10.25"]
[EventType "swiss"]
[EventRounds "9"]
[EventCountry "RUS"]
[SourceTitle "EXT 2003"]
[Source "ChessBase"]
[SourceDate "2002.11.25"]
[SourceVersion "1"]
[SourceVersionDate "2002.11.25"]
[SourceQuality "1"]

1. e4 c5 2. Nf3 d6 3. d4 cxd4 4. Nxd4 Nf6 5. Nc3 a6 6. Be2 e5 7. Nb3 Be7 8. 0-0 0-0 9. Bg5 Nbd7 10. a4 b6 11. Qd3 Bb7 12. Rad1 Rc8 13. Qf3 Rxc3 14. Qxc3 Nxe4 15. Bxe7 Nxc3 16. Bxd8 Nxe2+ 17. Kh1 Rxd8 18. Rxd6 Kf8 19. Rfd1 Ke7 20. R6d2 Nf4 21. f3 Ne6 22. a5 Ndc5 23. Nxc5 Rxd2 24. Rxd2 bxc5 25. c3 c4 26. Rd1 Nc5 27. Ra1 Bc6 28. Kg1 Nd3 29. Rb1 Ba4 30. Kf1 Bc2 31. Ra1 Nxb2 32. Ra2 Nd1 33. Ke1 Bb3 34. Re2 f6 35. Kd2 Nb2 36. f4 Nd3 37. fxe5 fxe5 38. Re4 Ke6 39. Rg4 g6 40. Rh4 h5 41. g4 Nf4 42. gxh5 gxh5 0-1

[Event "Chigorin Memorial-B 10th"]
[Site "St Petersburg"]
[Date "2002.10.25"]
[Round "1"]
[White "Matlakov, Maxim"]
[Black "Sleptsov, P."]
[Result "1-0"]
[WhiteElo "2312"]
[BlackElo "2128"]
[PlyCount "95"]
[EventDate "2002.10.25"]
[EventType "swiss"]
[EventRounds "9"]
[EventCountry "RUS"]
[SourceTitle "EXT 2003"]
[Source "ChessBase"]
[SourceDate "2002.11.25"]
[SourceVersion "1"]
[SourceVersionDate "2002.11.25"]
[SourceQuality "1"]

1. e4 e6 2. d4 d5 3. e5 c5 4. c3 Nc6 5. Nf3 Qb6 6. a3 c4 7. Be2 Nge7 8. 0-0 Nf5 9. Nbd2 Be7 10. b3 cxb3 11. Nxb3 0-0 12. Rb1 Qc7 13. Bd3 f6 14. exf6 Bxf6 15. Bg5 Qe7 16. Bxf6 Qxf6 17. Bb5 Nfe7 18. Re1 b6 19. Qd2 a6 20. Bxc6 Nxc6 21. Nc1 Rb8 22. Nd3 Bd7 23. Nde5 Nxe5 24. Nxe5 Be8 25. Re3 Rb7 26. Rbe1 Re7 27. h3 Bh5 28. Nd3 Ree8 29. Ne5 Qe7 30. c4 Qd6 31. Rg3 Rf6 32. cxd5 exd5 33. Rc3 Ref8 34. f3 Be8 35. Rec1 Rf4 36. Rc8 Bd7 37. Rxf8+ Rxf8 38. Qc3 Be6 39. Qc6 Rd8 40. Qxd6 Rxd6 41. Rc7 h6 42. Kf2 Bf5 43. g4 Bb1 44. f4 b5 45. Rc8+ Kh7 46. Nf7 Rd7 47. Rh8+ Kg6 48. Ne5+ 1-0